00408nam a2200169Ia 4500003000400000005001700004008004100021020001500062050002600077100001900103245003800122260003500160300002000195440000600215521000800221526000900229OSt20140312075526.0140130s9999 xx 000 0 und d a0531122514 aLB 3013.32b.D39 2003 aDavidson, Tish cTish Davidson.aSchool conflict / bScholastic,c2003.anew York : a79 p. :c20 cm. v1 aG12 c1180